000 00838nam a2200253Ia 4500
003 OSt
005 20221007121019.0
006 a|||||r|||| 00| 0
007 ta
008 221006b |||||||| |||| 00| 0 eng d
020 _a8185038201 (hbd)
024 _a85103
037 _cTextbook
040 _aBDL
_cBDL
_beng
041 _2eng
_aeng
082 _aU671.2k, L2.9 Carb
100 _aNational Institute of Scientific Communication and Information Resources
_9710468
245 0 _aWealth of India:a dictionary of Indian raw materials and industrial products
260 _aNew
_bDelhi NISCAIR
_c1972
490 _vV.9.
500 _aIndex I-XIVp.
942 _hU671.2k, L2.9 Carb
_cTB
_2CC
999 _c1208322
_d1208322